Healthcare as a Human Rights Issue (Record no. 27581)

MARC details
000 -LEADER
fixed length control field 00823nam a2200121Ia 4500
008 - FIXED-LENGTH DATA ELEMENTS--GENERAL INFORMATION
fixed length control field 220620s9999||||xx |||||||||||||| ||und||
245 #0 - TITLE STATEMENT
Title Healthcare as a Human Rights Issue
Remainder of title Normative Profile, Conflicts and Implementation
546 ## - LANGUAGE NOTE
Language note English[eng]
650 ## - SUBJECT ADDED ENTRY--TOPICAL TERM
Topical term or geographic name entry element Sociology||Human Rights in Medicine||The Right to Health||Global Health||Medical Ethics||Medicine||Human||Law||Sociology of Medicine||Sociology||HIV||International Covenant on Economic||Social and Cultural Rights||World Health Organization
700 ## - ADDED ENTRY--PERSONAL NAME
Personal name Klotz, Sabine||Bielefeldt, Heiner||Schmidhuber, Martina||Frewer, Andreas
856 ## - ELECTRONIC LOCATION AND ACCESS
Uniform Resource Identifier <a href="https://library.oapen.org/bitstream/20.500.12657/30423/1/646439.pdf||https://library.oapen.org/bitstream/20.500.12657/30423/1/646439.pdf||https://library.oapen.org/bitstream/20.500.12657/30423/1/646439.pdf">https://library.oapen.org/bitstream/20.500.12657/30423/1/646439.pdf||https://library.oapen.org/bitstream/20.500.12657/30423/1/646439.pdf||https://library.oapen.org/bitstream/20.500.12657/30423/1/646439.pdf</a>
942 ## - ADDED ENTRY ELEMENTS (KOHA)
Koha item type E-Books
Holdings
Withdrawn status Lost status Damaged status Not for loan Home library Current library Date acquired Total Checkouts Date last seen Price effective from Koha item type
        Kerala University of Digital Sciences, Innovation and Technology Knowledge Centre Kerala University of Digital Sciences, Innovation and Technology Knowledge Centre 20/06/2022   20/06/2022 20/06/2022 E-Books